Das deutsche Wechseldiskontgeschäft

Salvato in:
Dettagli Bibliografici
Natura: Libro
Lingua:tedesco
Pubblicazione: Leipzig Duncker & Humblot 1907
Tags: Aggiungi Tag
Nessun Tag, puoi essere il primo ad aggiungerne!!

MARC

LEADER 00000nam a2200000 4500
001 0307352
005 20250227111254.2
041 0 |a ger 
044 |a DE 
245 1 0 |a Das deutsche Wechseldiskontgeschäft  |c Willi Prion 
264 1 |a Leipzig  |b Duncker & Humblot  |c 1907